Trade and protectionism / (Record no. 12286)

000 -LEADER
fixed length control field 00765cam a2200205 a 4500
020 ## - INTERNATIONAL STANDARD BOOK NUMBER
ISBN 0226386686 (cloth : alk. paper)
040 ## - CATALOGING SOURCE
Transcribing agency DLC
082 00 - DEWEY DECIMAL CLASSIFICATION NUMBER
Classification number 382 UNI 1993 A019 Or.
245 10 - TITLE STATEMENT
Title Trade and protectionism /
260 ## - PUBLICATION, DISTRIBUTION, ETC. (IMPRINT)
Place of publication Chicago :
Name of publisher University of Chicago Press,
Year of publication 1993.
300 ## - PHYSICAL DESCRIPTION
Number of Pages ix, 449 p. :
Other physical details ill. ;
Dimensions 24 cm.
490 1# - SERIES STATEMENT
Series statement NBER-East Asia Seminar on Economics ;
500 ## - GENERAL NOTE
General note "Papers presented at the Second Annual East Asian Seminar on Economics ... held in Taipei, Taiwan, 19-21 June 1991"--Introd.
650 #0 - SUBJECT ADDED ENTRY--TOPICAL TERM
Topical Term Protectionism
700 1# - ADDED ENTRY--PERSONAL NAME
Personal name Itō, Takatoshi,
700 1# - ADDED ENTRY--PERSONAL NAME
Personal name Krueger, Anne O.
856 42 - ELECTRONIC LOCATION AND ACCESS
Uniform Resource Identifier http://www.loc.gov/catdir/description/uchi052/92039852.html
856 41 - ELECTRONIC LOCATION AND ACCESS
Uniform Resource Identifier http://www.loc.gov/catdir/toc/uchi051/92039852.html
942 ## - ADDED ENTRY ELEMENTS (KOHA)
Koha item type សៀវភៅភាសាអង់គ្លេស
952 ## - LOCATION AND ITEM INFORMATION (KOHA)
Withdrawn status [LOCAL, KOHA] 0
Holdings
Permanent Location Date acquired Koha item type Lost status Shelving location Barcode Current Location Full call number
Library Block A2017-08-11សៀវភៅភាសាអង់គ្លេស A019A18024Library Block A382 UNI 1993 A019 Or.
មជ្ឈមណ្ឌលឯការនៃសាកលវិទ្យាល័យភូមិន្ទកសិកម្មចំការដូង

Powered by Koha